| 000 | 00783nam a2200193Ii 4500 | ||
|---|---|---|---|
| 003 | JO-AjNU | ||
| 008 | 230605s9999||||xx |||||||||||||| ||und|| | ||
| 040 |
_aJO-AjNU _bara _erda _cJO-AjNU |
||
| 041 | _aara | ||
| 050 | 1 | 4 | _aBP135.A122 1960 |
| 100 | 3 |
_aاختيار وشرح هارون، عبد السلام محمد, _eauthor _938172 |
|
| 245 | 0 | 0 | _aالألف المختارة من صحيح البخاري، ح4 |
| 264 | 3 | 1 | _aالقاهرة: دار المعارف، 1960 |
| 300 | _aج4، 128ص | ||
| 336 |
_atext _btxt _2rdacontent |
||
| 337 |
_aunmediated _bn _2rdamedia |
||
| 338 |
_avolume _bnc _2rdacarrier |
||
| 650 | 4 |
_aصحيح البخاري - الحديث - الكتب السنه - البخاري، محمد بن اسماعيل بن ابراهيم 194-256 هجري _938173 |
|
| 999 |
_aA16015 _c19583 _d19583 |
||